02063nam a2200337 a 4500001001200000003000800012006001900020007001500039008004100054010001700095020001500112020001800127020002700145040002100172035002100193050002200214082001400236100002000250245009100270260007000361300003300431504005100464505078400515533015201299650004201451650004301493655002901536710001701565856012601582999001701708ebr10630614CaPaEBRm u cr cn|||||||||120719s2012 si ab sb 001 0 eng d z 2012406251 z1118152883 z9781118152881 z9781118152911 (e-book) aCaPaEBRcCaPaEBR a(OCoLC)79674395714aHC85b.H57 2012eb04a333.72231 aHiscock, Geoff.10aEarth warsh[electronic resource] :bthe battle for global resources /cGeoff Hiscock. aSingapore ;aHoboken, N.J. :bJohn Wiley & Sons Singapore,c2012. axviii, 286 p. :bill., maps. aIncludes bibliographical references and index.00tThe four essentials : food, water, energy, metals --tGeographical flashpoints : the trouble with lines on a map --tThe key players : diggers, drillers, and dealers --tFood and water : where the rivers run --t"Going out" for energy : China and India stake their claims --tOld coal still burning brightly --tGoing nuclear in a post-Fukushima world --tNew energy--clean, green, and expensive --tCoppery red, the colour of earth's true love --tFinding steel's essential ingredients --tU.S. energy : hail to the shale --tJapan after the deluge --tBRACQK (Brazil, Russia, Australia, Canada, Qatar, Kazakhstan) is the new BRIC --tThe up and comers : Turkey, Iran, Indonesia, Mexico --tWhat happens next : a host of global opportunities --tConclusion : a world so changed. aElectronic reproduction.bPalo Alto, Calif. :cebrary,d2011.nAvailable via World Wide Web.nAccess may be limited to ebrary affiliated libraries. 0aNatural resourcesxPolitical aspects. 0aEnergy developmentxPolitical aspects. 7aElectronic books.2local2 aebrary, Inc.40uhttp://site.ebrary.com/lib/rucke/Doc?id=10630614zAn electronic book accessible through the World Wide Web; click to view c71641d71641